Entry Término temático
001 - NÚMERO DE CONTROL
- campo de control: 10866
003 - IDENTIFICADOR DE NÚMERO DE CONTROL
- campo de control: SpMaBN
005 - FECHA Y HORA DE LA ÚLTIMA TRANSACCIÓN
- campo de control: 20250818043623.0
008 - ELEMENTOS DE DATO DE LONGITUD-FIJA
- campo de control de longitud fija: 020110 n anznnbabn |a ana ##
016 ## - NÚMERO DE CONTROL DE UNA AGENCIA BIBLIOGRÁFICA NACIONAL
- Número de control del registro: BNE20020046415
024 7# - IDENTIFICADOR DE OTROS ESTÁNDARES
- Número estándar o código: http://id.loc.gov/authorities/subjects/sh95000086
- Fuente: lcsh
040 ## - FUENTE DE CATALOGACIÓN
- Centro catalogador/agencia de origen: SpMaBN
- Lengua de catalogación: spa
- Centro/agencia transcriptor: SpMaBN
- Normas de descripción: rdc
- Convención/Normas de encabezamiento de materia/tesauro: embne
042 ## - CÓDIGO DE AUTENTICACIÓN
- Código de autenticación: 20110920
150 ## - ENCABEZAMIENTO--TÉRMINO DE MATERIA
- Término de materia o nombre geográfico como elemento de entrada: Céfalo (Personaje mitológico)
670 ## - FUENTE DE DATOS ENCONTRADOS
- Cita de la fuente: LCSH
- Información encontrada: [Cephalus (Greek mythology)]
670 ## - FUENTE DE DATOS ENCONTRADOS
- Cita de la fuente: Diccionario Espasa mitología universal, 2000
- Información encontrada: (Céfalo)
670 ## - FUENTE DE DATOS ENCONTRADOS
- Cita de la fuente: Harrauer, Christine. Diccionario de mitología griega y romana, 2008
- Información encontrada: (Céfalo)
750 #7 - ENTRADA DE ENLACE DE ENCABEZAMIENTO ESTABLECIDO--TÉRMINO DE MATERIA
- Término de materia o nombre geográfico como elemento de entrada: Cephalus (Greek mythology)
- Fuente del encabezamiento o término: lcsh
